000 00494nab a2200145Ia 4500
003 ES-SlBCS
005 20210601142037.0
008 140529s1953 xxu||||| |||| 00| 0 spa d
041 _aspa
100 1 _aRoig Gironella, Joan
_9210860
245 0 0 _aLa angustia existencial por el no ser del ser y el teatro de Calderón
_c Joan Roig Gironella
600 1 4 _aCalderón de la Barca-Teatro
_9264130
773 0 _tGiornali di Metafisica
_gvol. 8, nº. 5, 1953, págs. 555-580
_w0017-0372
942 _cAR
999 _c670641
_d670641